Premier League teams 2017/2018 - Statistics

General Stats
  • This quiz has been taken 14 times
  • The average score is 18 of 20
Answer Stats
Position Points Team % Correct
6 63 Arsenal
100%
5 70 Chelsea
100%
4 75 Liverpool
100%
1 100 Manchester City
100%
2 81 Manchester United
100%
3 77 Tottenham Hotspur
100%
13 42 West Ham United
100%
11 44 Crystal Palace
92%
10 44 Newcastle United
92%
17 36 Southampton
92%
12 44 Bournemouth
83%
7 54 Burnley
83%
9 47 Leicester City
83%
15 40 Brighton
75%
8 49 Everton
75%
16 37 Huddersfield Town
75%
19 33 Stoke City
75%
18 33 Swansea City
75%
14 41 Watford
75%
20 31 West Bromwich Albion
75%
No matching quizzes found
Score Distribution
Percent of People with Each Score
Percentile by Number Answered
Your Score History
You have not taken this quiz